| 000 | 00384nam a2200145Ia 4500 | ||
|---|---|---|---|
| 008 | 230917s9999||||xx |||||||||||||| ||und|| | ||
| 040 |
_e188165 _aMAIN |
||
| 041 | _aEnglish | ||
| 082 | _a363.2 G346P | ||
| 100 | _aGhosh, S K | ||
| 245 | 0 | _aPowers and discipline for police and security forces | |
| 260 |
_aCalcutta _bEastern Law House _c1971 |
||
| 300 | _axxi, 306 p. | ||
| 942 | _cBK | ||
| 999 |
_c204368 _d204368 |
||